| 000 | 01141nam a2200241Ia 4500 | ||
|---|---|---|---|
| 001 | 17991 | ||
| 003 | GE_BSU | ||
| 008 | 181216s||||||||xx |||||||||||||| ||und|| | ||
| 040 | _cGE_BSU | ||
| 080 | _a392(=353.1) + 634.8(479.22)(09) + 663.2(479.22)(09) | ||
| 100 | _aლეკიაშვილი, ანდრო | ||
| 245 | _aშენ ხარ ვენახი | ||
| 245 | _bეთნოგრაფიული ნარკვევები ქართულ ვაზზე | ||
| 245 | _cრედ. ვ. ძიძიგური. მხატვ. ვ. ორბელაძე | ||
| 260 | _aთბილისი | ||
| 260 | _bნაკადული | ||
| 260 | _c1972 | ||
| 300 | _a128გვ. : ილ. ; 22სმ. | ||
| 653 | _aეთნოგრაფიული ნარკვევები ქართულ ვაზზე | ||
| 653 | _aქართული წეს-ჩვეულებები; მევენახეობა საქართველოში; მეღვინეობა საქართველოში | ||
| 653 | _aშენ ხარ ვენახი | ||
| 942 | _cBK | ||
| 999 |
_c51034 _d51034 |
||